000
00201nam a2200073Ia 4500
008
170523s9999 xx 000 0 und d
100
_a
Webster- J.G.
245
0
_a
Medical Insstrumentation Application and Design
260
_a
Wiley India
999
_c
12035
_d
12035